000 02175cam a2200169 4500500
005 20260208013548.0
041 _afre
042 _adc
100 1 0 _aMeier, Werner A.
_eauthor
245 0 0 _aMedia concentration governance : une nouvelle plate-forme pour débattre des risques ?
260 _c2005.
500 _a9
520 _aL’auteur analyse la transnationalisation des sociétés médiatiques en Europe sous la perspective de la propriété des médias. La structure industrielle des médias, à l’instar de la structure de leur propriété, contrôle l’accès au « marché des idées ». La concentration de la propriété pose un problème fondamental dans les démocraties. Les gouvernements et les élites industrielles assouplissent les réglementations sur la propriété des médias, alors que les citoyens s’inquiètent d’une perte profonde du pluralisme et de la diversité. La concentration de la propriété est une question importante qui nécessite un examen rigoureux, de même que de nouvelles dispositions d’ordre politique. L’auteur propose « une gouvernance des médias » comme modèle complémentaire de co- et d’auto-régulation, tant sur un plan national qu’européen.
520 _aMEDIA GOVERNANCE: A VALUABLE INSTRUMENT FOR RISK DISCOURSE ON MEDIA CONCENTRATION? The author analyses the trans-nationalization of media industries in Europe through the lens of media ownership. The industrial structure as well as the ownership structure of the media control who may have access to the “marketplace of ideas”. Ownership concentration is a fundamental problem of democracy. Governments and corporate power elites ease the rules for media ownership, whereas the public fear a devastating loss of pluralism and diversity. Concentration of ownership matters and requires scrutiny as well as new policy initiatives. The author proposes “media governance” as a complementary model of co- and self-regulation on a national and European level.
786 0 _nRéseaux | 131 | 3 | 2005-07-01 | p. 17-52 | 0751-7971
856 4 1 _uhttps://shs.cairn.info/revue-reseaux1-2005-3-page-17?lang=fr&redirect-ssocas=7080
999 _c1660357
_d1660357